| 000 | 00951nam a2200217 i 4500 | ||
|---|---|---|---|
| 001 | 19579 | ||
| 003 | ES-MaACL | ||
| 005 | 20250902100424.0 | ||
| 007 | t| | ||
| 008 | 021004s1862 sp ||||1| spa d | ||
| 110 | 2 |
_aReal Sociedad Económica Matritense de Amigos del País. _96389 |
|
| 245 | 1 | 0 |
_aResumen de las acciones virtuosas que ha de premiar la Sociedad Económica Matritense... el día 27 de noviembre de 1862 / _c[el secretario general, Pablo Abejón]. |
| 260 |
_aMadrid : _b[s.n.], _c1862 ( _fImp. del Colegio de Sordo-mudos y de Ciegos) |
||
| 530 | _aDisponible en formato digital. | ||
| 594 | _aAutor tomado de fin de texto | ||
| 610 | 2 | 7 |
_aReal Sociedad Económica Matritense de Amigos del País- _xPremios _2 _9160848 |
| 700 | 1 |
_aAbejón, Pablo, _dfl. 1857 _918027 |
|
| 852 | 4 |
_aES-MaACL _jT-743-F-6 |
|
| 856 | 4 |
_uhttps://hemerotecadigital.bne.es/hd/issn/2605-4620 _zHemeroteca Digital (1861-62, 1865, 1868) |
|
| 999 |
_c19579 _d19579 |
||